000 01562nam a2200325 a 4500
001 BRCA_1346
005 20190320203403.0
008 960730s1996 dcua---##b---#001-0#eng-#
020 _a1560987286
040 _aDLC
_cDLC
_dDLC
041 _aengnav
050 4 _aE99
_b.W68 1996
245 1 0 _aWoven by the Grandmothers
_bNineteenth-Century Navajo Textiles from the National Museum of the American Indian
_cedited by Eulalie H. Bonar ; Navajo translations by Ellavina Perkins and Esther Yazzie.
260 _aWashington
_bSmithsonian Institution Press : National Museum of the American Indian
_c1996
300 _axv, 214 p.
_bil. (algunas a color)
_c25 cm.
500 _aCatálogo de la exposición realizada en el National Museum of the American Indian, (New York, City), octubre 1996 - enero 1997
500 _aCatálogo de la exposición Tejido por las abuelas : textiles navajos del siglo XIX realizada en el Museo Franz Mayer (Ciudad de México), 12 marzo, 2001
500 _aIncluye índice alfabético
500 _a2do. ejemplar en el Área de Investigación
504 _aBibliografía: p. 204-209
546 _aTexto en : inglés y navajo
610 2 4 _aNational Museum of the American Indian (Estados Unidos)
_xExposiciones
_94406
650 1 4 _aTelas navajo
_vExposiciones
_94407
650 1 4 _aIndios navajo
_vExposiciones
_xVida social y costumbres
_94408
650 1 4 _aFilosofía navajo
_vExposiciones
_94409
700 1 _aBonar, Eulalie H.
_94410
700 1 _aPerkins, Ellavina
_94411
700 1 _aYazzie, Esther
_94412
942 _2lcc
_cB
999 _c1209
_d1209